Govt. of
Madhya Pradesh

Face Off India And China (Record no. 68465)

MARC details
000 -LEADER
fixed length control field 00280nam a22001217a 4500
020 ## - INTERNATIONAL STANDARD BOOK NUMBER
ISBN MACL
082 ## - DEWEY DECIMAL CLASSIFICATION NUMBER
Classification number 320/KUM
100 ## - MAIN ENTRY--AUTHOR NAME
Personal name KUMAR R.V.
245 ## - TITLE STATEMENT
Title Face Off India And China
260 ## - PUBLICATION, DISTRIBUTION, ETC. (IMPRINT)
Place of publication New Delhi
Name of publisher Manas Publications
Year of publication 2022
650 ## - SUBJECT ADDED ENTRY--TOPICAL TERM
Topical Term Political Science
942 ## - ADDED ENTRY ELEMENTS (KOHA)
Koha item type Books

No items available.